000
00322nam a22001337a 4500
008
181023b xxu||||| |||| 00| 0 eng d
020
_a
9781483379531
041
_a
eng
080
_a
311
100
_a
51
101
_a
STA
245
_a
Essential Statistics for the Behavioral Sciences
_c
Privitera, G.J
942
_2
udc
_c
BK
999
_c
50708
_d
50708